Ключи гаечные торцовые с внутренним шестигранником; ГОСТ 25787-83 Ключи гаечные торцовые с внутренним шестигранником односторонние. Основные размеры; ГОСТ 25788-83 Ключи гаечные торцовые с внутренним шестигранником изогнутые. Основные размеры; ГОСТ 25789-83 Ключи гаечные торцовые с внутренним шестигранником двусторонние. Основные размеры; ГОСТ 25790-83 Ключи гаечные торцовые с внутренним шестигранником. Технические условия
| Müşterek Yazar: | |
|---|---|
| Dil: | Rusça |
| Baskı/Yayın Bilgisi: |
Москва, Изд-во стандартов, 1985
|
| Edisyon: | Изд. офиц. |
| TOC: | ГОСТ 25787-83 Ключи гаечные торцовые с внутренним шестигранником односторонние. Основные размеры; ГОСТ 25788-83 Ключи гаечные торцовые с внутренним шестигранником изогнутые. Основные размеры; ГОСТ 25789-83 Ключи гаечные торцовые с внутренним шестигранником двусторонние. Основные размеры; ГОСТ 25790-83 Ключи гаечные торцовые с внутренним шестигранником. Технические условия; |
| Seri Bilgileri: | Государственные стандарты |
| Konular: | |
| Materyal Türü: | Kitap |
| KOHA link: | https://koha.lib.tpu.ru/cgi-bin/koha/opac-detail.pl?biblionumber=158808 |
MARC
| LEADER | 00000nam0a2200000 4500 | ||
|---|---|---|---|
| 001 | 158808 | ||
| 005 | 20231031154734.0 | ||
| 035 | |a (RuTPU)RU\TPU\book\172233 | ||
| 035 | |a RU\TPU\book\172232 | ||
| 090 | |a 158808 | ||
| 100 | |a 20090428d1985 km y0rusy50 ca | ||
| 101 | 0 | |a rus | |
| 102 | |a RU | ||
| 105 | |a a l 000zy | ||
| 200 | 1 | |a Ключи гаечные торцовые с внутренним шестигранником | |
| 205 | |a Изд. офиц. | ||
| 210 | |a Москва |c Изд-во стандартов |d 1985 | ||
| 215 | |a 19 с. |c ил. | ||
| 225 | 1 | |a Государственные стандарты | |
| 464 | |t ГОСТ 25787-83 Ключи гаечные торцовые с внутренним шестигранником односторонние. Основные размеры | ||
| 464 | |t ГОСТ 25788-83 Ключи гаечные торцовые с внутренним шестигранником изогнутые. Основные размеры | ||
| 464 | |t ГОСТ 25789-83 Ключи гаечные торцовые с внутренним шестигранником двусторонние. Основные размеры | ||
| 464 | |t ГОСТ 25790-83 Ключи гаечные торцовые с внутренним шестигранником. Технические условия | ||
| 610 | 1 | |a ГОСТы | |
| 610 | 1 | |a размеры | |
| 610 | 1 | |a технические условия | |
| 610 | 1 | |a гаечные ключи | |
| 712 | 0 | 1 | |a СССР |b Государственный комитет по стандартам (Госстандарт) |c (1978-1989) |2 stltpush |3 (RuTPU)RU\TPU\col\12454 |
| 801 | 2 | |a RU |b 63413507 |c 20221208 |g PSBO | |
| 942 | |c BK | ||